Statistics for Largest Cities on the Italian Mediterranean

Click here to take the quiz!

General Stats

  • This quiz has been taken 95 times
  • The average score is 11 of 16

Answer Stats

PopulationAnswer% Correct
5,294,546Naples
94%
4,447,881Rome
94%
1,183,084Palermo
93%
480,392Venice
88%
861,318Genoa
87%
1,257,459Bari
83%
988,240Catania
77%
409,905 Trieste
63%
571,559Livorno-Pisa
62%
828,507 Messina-Reggio Calabria
62%
452,816 Cagliari
61%
439,730Taranto
49%
131,950 Salerno
43%
123,408 Syracuse
41%
529,070 Pescara
39%
82,765Marsala
16%

Score Distribution

Percentile by Number Answered

Percent of People with Each Score

Your Score History

You have not taken this quiz